[Event "Titled Tuesday intern op 02nd Jul Early"]
[Site "Chess.com INT"]
[Date "2024.07.02"]
[Round "10"]
[White "Sos Andreu, Eric"]
[Black "Amburgy, Ryan"]
[Result "0-1"]
[WhiteElo "2371"]
[BlackElo "2253"]
[PlyCount "112"]
[EventDate "2024.07.02"]
[EventType "swiss (blitz)"]
[EventRounds "11"]
[EventCountry "USA"]
[SourceTitle "EXT 2025"]
[Source "ChessBase"]
[SourceDate "2024.10.14"]
[SourceVersion "1"]
[SourceVersionDate "2024.10.14"]
[SourceQuality "1"]

1. d4 Nf6 2. c4 e6 3. g3 d5 4. Nf3 dxc4 5. Bg2 a6 6. 0-0 b5 7. Ne5 Nd5 8. e4 Nf6 9. a4 Bb7 10. Re1 Nbd7 11. Nxd7 Qxd7 12. axb5 axb5 13. Rxa8+ Bxa8 14. Nc3 Be7 15. e5 Nd5 16. Qg4 g6 17. Ne4 0-0 18. Bh6 Rd8 19. h4 b4 20. h5 c3 21. bxc3 bxc3 22. hxg6 hxg6 23. Bg5 Bxg5 24. Qxg5 Qe7 25. Nf6+ Nxf6 26. exf6 Qb4 27. Bxa8 Rxa8 28. Qh6 Qf8 29. Qh4 Ra5 30. Rc1 Rh5 31. Qf4 Qa8 32. f3 Qa2 33. g4 Qd2 34. Qxd2 cxd2 35. Rd1 Rd5 36. Rxd2 c5 37. Rc2 cxd4 38. Rc8+ Kh7 39. Rc7 g5 40. Rxf7+ Kg6 41. Ra7 Kxf6 42. Kf2 d3 43. Ke1 Ke5 44. Kd2 Kf4 45. Rf7+ Kg3 46. Rf6 Rd4 47. Rg6 Kxf3 48. Rxg5 Kf4 49. Ra5 e5 50. g5 e4 51. g6 e3+ 52. Kd1 d2 53. Ra1 Kf3 54. g7 e2+ 55. Kc2 d1Q+ 56. Kc3 Rd3+ 0-1

[Event "Titled Tuesday intern op 02nd Jul Early"]
[Site "Chess.com INT"]
[Date "2024.07.02"]
[Round "11"]
[White "Vaz, Ethan"]
[Black "Sos Andreu, Eric"]
[Result "1-0"]
[WhiteElo "2392"]
[BlackElo "2371"]
[PlyCount "67"]
[EventDate "2024.07.02"]
[EventType "swiss (blitz)"]
[EventRounds "11"]
[EventCountry "USA"]
[SourceTitle "EXT 2025"]
[Source "ChessBase"]
[SourceDate "2024.10.14"]
[SourceVersion "1"]
[SourceVersionDate "2024.10.14"]
[SourceQuality "1"]

1. e4 c6 2. d4 d5 3. e5 c5 4. Nf3 Nc6 5. dxc5 Bg4 6. c3 e6 7. Be3 Nge7 8. Nbd2 Nf5 9. b4 Nxe3 10. fxe3 g6 11. Bb5 Bg7 12. h3 Bxf3 13. Nxf3 0-0 14. Bxc6 bxc6 15. 0-0 a5 16. a3 Qc7 17. Qd4 Ra7 18. c4 dxc4 19. Rad1 axb4 20. axb4 Ra4 21. Qxc4 Bxe5 22. Ng5 Bg7 23. Ne4 Qe5 24. Rd3 Ra1 25. Rdd1 Rxd1 26. Rxd1 f5 27. Nd6 Qxe3+ 28. Kf1 f4 29. Re1 Qg3 30. Qxe6+ Kh8 31. Nf7+ Rxf7 32. Qxf7 h6 33. Re8+ Kh7 34. Qg8# 1-0